Home Print Resources E-Books E-Journals IIMT Lecture Series Library Membership Form Book Recommendation Form Campus Tour Take AdmissionAbout Us Contact Us

MANAGEMENT (Record no. 926)

000 -LEADER
fixed length control field 00344nam a2200157Ia 4500
003 - CONTROL NUMBER IDENTIFIER
control field OSt
005 - DATE AND TIME OF LATEST TRANSACTION
control field 20240203114241.0
008 - FIXED-LENGTH DATA ELEMENTS--GENERAL INFORMATION
fixed length control field 170523s9999 xx 000 0 und d
020 ## - INTERNATIONAL STANDARD BOOK NUMBER
International Standard Book Number 978-9353067229
040 ## - CATALOGING SOURCE
Transcribing agency IIMT UNIVERSITY
100 ## - MAIN ENTRY--PERSONAL NAME
Personal name ROBBINS- SP
245 #0 - TITLE STATEMENT
Title MANAGEMENT
260 ## - PUBLICATION, DISTRIBUTION, ETC.
Name of publisher, distributor, etc. NEW DELHI PHI
260 ## - PUBLICATION, DISTRIBUTION, ETC.
Date of publication, distribution, etc. 2000
942 ## - ADDED ENTRY ELEMENTS (KOHA)
Source of classification or shelving scheme
Koha item type Text-Book- for 7 days
Holdings
Withdrawn status Lost status Source of classification or shelving scheme Damaged status Not for loan Home library Current library Date acquired Barcode Date last seen Uniform Resource Identifier Price effective from Koha item type Public note Coded location qualifier Total Checkouts Date last checked out
          IIMT University Central Library Meerut IIMT University Central Library Meerut 05/31/2017 01-B-3097 05/31/2017 MANEGEMENT 05/31/2017 Book Cost Paid Write off (Book cost paid to Account Department) in old SAMS data      
          IIMT University Central Library Meerut IIMT University Central Library Meerut 05/31/2017 01-B-19947 12/03/2019 MANEGEMENT 05/31/2017 Reference Book Dept. MBA 1 12/03/2019
          IIMT University Central Library Meerut IIMT University Central Library Meerut 05/31/2017 01-B-19948 05/31/2017 MANEGEMENT 05/31/2017 Book Bank        
          IIMT University Central Library Meerut IIMT University Central Library Meerut 05/31/2017 01-B-19949 11/08/2021 MANEGEMENT 05/31/2017 Book Bank     1 11/08/2021
          IIMT University Central Library Meerut IIMT University Central Library Meerut 05/31/2017 01-B-19950 11/12/2022 MANEGEMENT 05/31/2017 Book Bank     2 11/08/2022
          IIMT University Central Library Meerut IIMT University Central Library Meerut 05/31/2017 01-B-19951 05/31/2017 MANEGEMENT 05/31/2017 Book Bank        
IIMT, Central Library. All Rights Reserved IIMT,UNIVERSITY © 2023
Implemented and Customised by I CLOUDE EMS
You Are OPAC Visitor No
free web counter

Powered by Koha